Quelle est la ville de ce rappeur? - Statistiques

Statistiques générales
  • Ce quiz a été pris 525 fois
  • Le résultat moyen est 13 sur 30
Statistiques - réponses
Rappeur Ville % Correct
SCH, JuL, Soprano, IAM, Naps, Alonzo Marseille
98%
Nekfeu, Alpha Wann, Sexion d'Assaut Paris
95%
Laylow, Bigflo & Oli Toulouse
83%
Ashe 22, Sasso Lyon
82%
Hamza, Shay, Damso Bruxelles
74%
Kaaris, Maes, 13 Block, Da Uzi Sevran
72%
Orelsan Caen
66%
Larry Strasbourg
62%
Koba laD, Zola, Kodes Evry-Courcouronnes
61%
Mister V, Tortoz Grenoble
61%
ZKR, Gradur Roubaix
61%
Columbine, Lorenzo Rennes
55%
Booba, Les Sages Poètes de la Rue Boulogne-Billancourt
54%
Médine, Pirate Le Havre
49%
Infinit', Veust Nice
42%
Dinos, 4Keus La Courneuve
38%
Khali Bordeaux
35%
Ateyaba, Lacraps Montpellier
35%
Mac Tyer, Rémy, Tandem Aubervilliers
31%
Kikesa Nancy
28%
RK, Djadja & Dinaz Meaux
27%
RowJay, Jeune Loup Montréal
26%
Slimka, Di-Meh Genève
21%
Kalash, Tiitof Fort-de-France
18%
L'Allemand Vénissieux
16%
JeanJass Charleroi
14%
PNL, MMZ, F-430 Corbeil-Essones
13%
Niro Blois
12%
Josman Vierzon
10%
Demi-Portion Sète
9%
Aucun quiz correspondant
Distribution des résultats
% des personnes avec chaque résultat
Percentile par nombre de réponses
Votre historique - résultats
Vous n’avez pas pris ce quiz